[Event "HUN-chT U18"]
[Site "Budapest"]
[Date "2022.11.01"]
[Round "2.3"]
[White "Haaz, Gabor Istvan"]
[Black "Vadkerti, Vince"]
[Result "0-1"]
[WhiteElo "1385"]
[BlackElo "1718"]
[PlyCount "74"]
[EventDate "2022.10.31"]
[EventType "team-swiss"]
[EventRounds "7"]
[EventCountry "HUN"]
[SourceTitle "CBM 211 Extra"]
[Source "ChessBase"]
[SourceDate "2023.01.31"]
[SourceVersion "1"]
[SourceVersionDate "2023.01.31"]
[SourceQuality "1"]
[WhiteTeam "Godollo"]
[BlackTeam "Meritum Egyesuelet"]
[WhiteTeamCountry "HUN"]
[BlackTeamCountry "HUN"]

1. e4 c5 2. Nf3 g6 3. d4 cxd4 4. Qxd4 Nf6 5. e5 Nc6 6. Qa4 Nd5 7. Qb3 Nb6 8. Bf4 Bg7 9. Bb5 0-0 10. Nc3 Qc7 11. Bxc6 dxc6 12. 0-0-0 Be6 13. Qb4 Nc4 14. Ng5 Bxe5 15. Bxe5 Qxe5 16. Nxe6 Qxe6 17. Rhe1 c5 18. Qxc5 Qa6 19. Rxe7 Rac8 20. Rc7 b6 21. Qe7 Rce8 22. Rxa7 Qc8 23. Qc7 Qg4 24. Qg3 Qe6 25. b3 Ne5 26. Qf4 Qc6 27. Nd5 Kg7 28. Qd4 Kh6 29. Rc7 Qa8 30. Qf4+ g5 31. Qf6+ Ng6 32. h4 gxh4 33. g4 Rd8 34. g5+ Kh5 35. Nf4+ Nxf4 36. Qxf4 Qa3+ 37. Kb1 Rxd1+ 0-1

[Event "HUN-ch U10"]
[Site "Balatonlelle"]
[Date "2019.06.28"]
[Round "9"]
[White "Csernyik, Mark"]
[Black "Vadkerti, Vince"]
[Result "1-0"]
[WhiteElo "1704"]
[BlackElo "1558"]
[PlyCount "61"]
[EventDate "2019.06.21"]
[EventType "swiss"]
[EventRounds "9"]
[EventCountry "HUN"]
[SourceTitle "CBM 191 Extra"]
[Source "ChessBase"]
[SourceDate "2019.09.30"]
[SourceVersion "1"]
[SourceVersionDate "2019.09.30"]
[SourceQuality "1"]

1. e4 c5 2. d4 cxd4 3. c3 dxc3 4. Nxc3 e6 5. Nf3 a6 6. Bc4 b5 7. Bb3 d6 8. 0-0 Bb7 9. Qe2 Nd7 10. Rd1 Be7 11. Be3 Qb8 12. a3 Ngf6 13. Bc2 0-0 14. Nd4 d5 15. exd5 Nxd5 16. Nxd5 Bxd5 17. Rac1 Nf6 18. Bg5 Bc4 19. Bd3 Bxd3 20. Rxd3 Qa7 21. Nc6 Qb7 22. Rdc3 Rfe8 23. Nxe7+ Qxe7 24. Rc7 Qd6 25. Bxf6 gxf6 26. Qg4+ Kf8 27. Qh5 Re7 28. R7c6 Qd3 29. Qh6+ Kg8 30. R6c3 Qg6 31. Rg3 1-0

[Event "HUN-ch U10"]
[Site "Balatonlelle"]
[Date "2019.06.25"]
[Round "6"]
[White "Biro, Daniel"]
[Black "Vadkerti, Vince"]
[Result "0-1"]
[WhiteElo "1343"]
[BlackElo "1558"]
[PlyCount "66"]
[EventDate "2019.06.21"]
[EventType "swiss"]
[EventRounds "9"]
[EventCountry "HUN"]
[SourceTitle "CBM 191 Extra"]
[Source "ChessBase"]
[SourceDate "2019.09.30"]
[SourceVersion "1"]
[SourceVersionDate "2019.09.30"]
[SourceQuality "1"]

1. Nf3 d5 2. d4 Nf6 3. g3 c6 4. Bg2 e6 5. 0-0 Be7 6. c4 Nbd7 7. Nc3 dxc4 8. Ne5 Nxe5 9. dxe5 Nd5 10. Nxd5 exd5 11. Bd2 b5 12. a3 Bf5 13. Bc3 0-0 14. Qd4 Qb6 15. Qf4 Bg6 16. h4 f6 17. Bh3 fxe5 18. Qxe5 Bf6 19. Qe6+ Bf7 20. Qd6 Bxc3 21. bxc3 Rad8 22. Qf4 Kh8 23. Qd2 Rd6 24. e3 c5 25. Rfd1 Rfd8 26. Qc2 Bg6 27. Bf5 Bxf5 28. Qxf5 d4 29. exd4 cxd4 30. Qe5 d3 31. Rab1 Rf8 32. Rd2 Re6 33. Qxb5 Re1+ 0-1

[Event "HUN-chT2 Toth 1819"]
[Site "Hungary"]
[Date "2019.02.24"]
[Round "8.12"]
[White "Gyorgydeak, Tibor"]
[Black "Vadkerti, Vince"]
[Result "1-0"]
[WhiteElo "1748"]
[BlackElo "1393"]
[PlyCount "65"]
[EventDate "2018.09.23"]
[EventType "team-tourn"]
[EventRounds "11"]
[EventCountry "HUN"]
[SourceTitle "EXT 2021"]
[Source "ChessBase"]
[SourceDate "2020.10.23"]
[SourceVersion "1"]
[SourceVersionDate "2020.10.23"]
[SourceQuality "1"]
[WhiteTeam "Gyula"]
[BlackTeam "Szeged Maroczy III"]
[WhiteTeamCountry "HUN"]
[BlackTeamCountry "HUN"]

1. e4 d5 2. exd5 Nf6 3. Bb5+ Bd7 4. Bc4 Bf5 5. Nc3 Nbd7 6. Nge2 a6 7. a4 Nb6 8. Bb3 Nbxd5 9. Nxd5 Nxd5 10. 0-0 e6 11. Ng3 Bg6 12. d3 Be7 13. Qf3 Rb8 14. Re1 0-0 15. Ne4 Nf6 16. Bf4 Kh8 17. Ng5 h6 18. Ne4 Bh5 19. Qe3 Ng4 20. Qh3 e5 21. Qxh5 exf4 22. Qxg4 f5 23. Qxf4 fxe4 24. Qxe4 Bc5 25. Re2 Qd7 26. Qd5 Qg4 27. Rae1 Rxf2 28. Rxf2 Bxf2+ 29. Kxf2 Qh4+ 30. g3 Qxh2+ 31. Kf3 Rf8+ 32. Kg4 h5+ 33. Qxh5+ 1-0

[Event "HUN-chT U18 2nd"]
[Site "Zalakaros"]
[Date "2018.07.27"]
[Round "4.34"]
[White "Vadkerti, Vince"]
[Black "Gulacsi, Donat Ferenc"]
[Result "1/2-1/2"]
[WhiteElo "1299"]
[BlackElo "1610"]
[PlyCount "86"]
[EventDate "2018.07.26"]
[EventType "team-swiss"]
[EventRounds "7"]
[EventCountry "HUN"]
[SourceTitle "EXT 2019"]
[Source "ChessBase"]
[SourceDate "2018.10.10"]
[SourceVersion "1"]
[SourceVersionDate "2018.10.10"]
[SourceQuality "1"]

1. e4 c6 2. d4 d5 3. exd5 cxd5 4. Nf3 Nf6 5. Bg5 Bf5 6. Bxf6 exf6 7. Bb5+ Nd7 8. 0-0 Bb4 9. c3 Bd6 10. Re1+ Be6 11. Qa4 Be7 12. Bxd7+ Qxd7 13. Qxd7+ Kxd7 14. Nbd2 b5 15. Re3 Rhc8 16. a3 Rc7 17. Rae1 a5 18. Nh4 g6 19. Nf1 Rac8 20. R3e2 b4 21. axb4 axb4 22. cxb4 Rc2 23. Rxc2 Rxc2 24. Rb1 Bxb4 25. Nf3 Kc6 26. Ne3 Re2 27. Kf1 Rxe3 28. fxe3 Kb5 29. Ke2 Ka4 30. b3+ Ka3 31. Ra1+ Kxb3 32. Nd2+ Kc2 33. Ra2+ Kc1 34. Kd3 Bd7 35. Ra1+ Kb2 36. Rb1+ Ka3 37. Ra1+ Kb2 38. Rb1+ Ka3 39. Ra1+ Kb2 40. Rb1+ Ka3 41. Rb3+ Ka4 42. Rb1 Ka3 43. Nb3 Bf5+ 1/2-1/2